000 00601nam a2200229Ia 4500
003 OSt
005 20221006164325.0
006 a|||||r|||| 00| 0
007 ta
008 221006b |||||||| |||| 00| 0 eng d
024 _a7,128
037 _cTextual
040 _aFML
_cFML
_beng
041 _2eng
_aeng
082 _aN : g, K3
100 _aBhattacharya Tarapada Au.
_9677140
245 0 _aCanons Of Indian Art
260 _aKolkata
_bFirma KLM India
_c1963
300 _a506
_ccm.
942 _hN : g, K3
_cTEXL
_2CC
999 _c1116853
_d1116853